Đang tải...
Potato in India: varieties
| Tác giả chính: | |
|---|---|
| Định dạng: | Printed Book |
| Ngôn ngữ: | Undetermined English |
| Được phát hành: |
Delhi
I C A R
1964
|
| Những chủ đề: |
| LEADER | 00513nam a2200157Ia 4500 | ||
|---|---|---|---|
| 008 | 140306s9999 xx 000 0 und d | ||
| 041 | |a eng | ||
| 082 | |a 633. 491 095 4 |b PUS | ||
| 100 | |a pushKarnath | ||
| 245 | |a Potato in India: varieties | ||
| 260 | |a Delhi |b I C A R |c 1964 | ||
| 300 | |a 493 | ||
| 650 | |a Tuber crops-potato | ||
| 942 | |2 ddc |c BK | ||
| 999 | |c 64751 |d 64751 | ||
| 952 | |0 0 |1 0 |2 ddc |4 0 |6 633__491000000000000_095_4_PUS |7 0 |9 71086 |a KAUACV |b KAUACV |d 2004-05-22 |o 633. 491 095 4 PUS |p KAU_ACV-13216 |r 2014-03-22 |w 2014-03-22 |y BK | ||